LEADER 01138nam a2200217 i 4500 001 000000226134 003 CaOOAMICUS 005 20250314145432.0 008 140108s1769 it u000 u lat u 013 $a205036 026 $a2.o- s.a- i-os "v"t (3) 1769 (R) 040 $aSeMil$bita 245 10$aTomus sextus, Dialogos complectens. 300 $a408 p. 500 $aSegn.: A-3E4 773 0 $aGregorius I, $tSancti Gregorii papae 1. Cognomento Magni, Opera omnia, jam olim ad manuscriptos codices Romanos, Gallicanos, Anglicanos emendata, aucta, & illustrata notis, studio & labore monachorum ordinis sancti Benedicti, e Congregatione sancti Mauri: ... a Johanne Baptista Gallicciolli sacerdote Veneto, ad codices praesertim marcianos iterum exacta, atque novis accessionibus locupletata.$dVenetiis : Sumptibus Caroboli, et Pompeati, 1768-1776.$g6$w()29325 850 $aSeMil 852 $aSeMil$W1$xVenegono$y1$m2R VI 30 FA$j176480$B176480$CSeMilBibl$Z2$F187056 $8I 961 $aRecupero: Altro 996 $6245$aTomus sextus, Dialogos complectens$9(OLS)http://semarc/title/323800 LEADER 01244nam a2200301 i 4500 001 000000038166 003 CaOOAMICUS 005 20080825000000.0 008 080825s1961 xx u000 u fre u 013 $a8571 040 $aSeMil$bita 100 1 $aBossuet, Jacques-Bénigne,$c.$0(OLS)http://semarc/name/1094 245 10$aOeuvres /$cBossuet ; textes établis et annotés par l'abbé Velat et Yvonne Champailler. 260 $a[Paris] :$bGallimard,$c1961. 300 $aXXXVI, 1573 p. 490 0 $aBibliothèque de la pléiade ;$v33 500 $aFondo Ciprandi. 650 4$aPredicazione - Sec. 17. - Testi.$0(OLS)http://semarc/subject/7710 650 4$aMeditazioni.$0(OLS)http://semarc/subject/1352 700 1 $aChampailler, Yvonne.$0(OLS)http://semarc/name/18303 700 1 $aVelat, Bernard.$0(OLS)http://semarc/name/18302 830 0$aBibliothèque de la Pléiade ;$v33.$0(OLS)http://semarc/title/42418 850 $aSeMil 852 $aSeMil$W1$xVenegono$y1$m1W III 165$j4321$B4321$CSeMilBibl$Z2$F4321 $81 941 1 $a1 961 $aOmaggio: Ciprandi dott. Paolo 996 $6245$aOeuvres$9(OLS)http://semarc/title/2131 996 $6260$a[Paris] :$bGallimard$9(OLS)http://semarc/publisher/30050